IMF Staff papers
Saved in:
| Format: | Serial |
|---|---|
| Language: | English |
| Published: |
Washington, D.C.
International Monetary Fund
2008
|
| Subjects: | |
| Tags: |
No Tags, Be the first to tag this record!
|
MARC
| LEADER | 00000nas2a2200000 4500 | ||
|---|---|---|---|
| 001 | 0147760 | ||
| 005 | 20120214083644.3 | ||
| 022 | |a 1020-7635 | ||
| 041 | 0 | |a eng | |
| 044 | |a US | ||
| 245 | 1 | 0 | |a IMF Staff papers |
| 264 | 1 | |a Washington, D.C. |b International Monetary Fund |c 2008 | |
| 773 | 0 | |w eu_un_cat*0013669 | |
| 610 | 2 | 0 | |a systém menový medzinárodný |
| 610 | 2 | 0 | |a Medzinárodný menový fond |